[Event "It (Open) Amsterdam NED"]
[Site "?"]
[Date "2005.07.19"]
[Round "4"]
[White "Kharlov Andrei"]
[Black "Senff Martin"]
[Result "1-0"]
[WhiteElo "2619"]
[BlackElo "2467"]
[PlyCount "103"]
[EventDate "2005.??.??"]
[Source "www.chesslib.no"]
[SourceDate "2004.05.04"]

1. e4 c5 2. f4 d5 3. exd5 Nf6 4. Bb5+ Bd7 5. Bxd7+ Qxd7 6. c4 e6 7. dxe6 Qxe6+ 8. Qe2 Nc6 9. Qxe6+ fxe6 10. Na3 Nb4 11. Nh3 Nd3+ 12. Ke2 O-O-O 13. Nc2 e5 14. fxe5 Nxe5 15. b3 Bd6 16. Bb2 Rhe8 17. Ne3 Nfg4 18. g3 Nxe3 19. dxe3 Ng4 20. Kf3 h5 21. Rae1 Be5 22. Bc1 Rf8+ 23. Kg2 Bc3 24. Re2 Nf6 25. Nf2 Rfe8 26. Rd1 Rxd1 27. Nxd1 Be5 28. Nf2 g5 29. e4 g4 30. Nd3 b6 31. Bg5 Nd7 32. Nf4 Rg8 33. Bh4 Rh8 34. Rd2 Bd4 35. h3 Re8 36. Re2 Rh8 37. Bg5 Be5 38. Nd3 Re8 39. Bf4 Bd4 40. e5 Nf8 41. hxg4 hxg4 42. Bg5 Kd7 43. Re4 Ke6 44. Rxg4 Kf5 45. Kf3 Bxe5 46. Re4 Kxg5 47. Rxe5+ Rxe5 48. Nxe5 Ne6 49. Ke4 Nc7 50. Nc6 a5 51. Ne7 Kg4 52. Nd5 1-0

[Event "Alekhine op"]
[Site "Moscow"]
[Date "1992.??.??"]
[Round "?"]
[White "Kharlov, Andrei"]
[Black "Lerner, Konstantin Z"]
[Result "0-1"]
[WhiteElo "2555"]
[BlackElo "2530"]
[PlyCount "44"]
[EventDate "1992.10.??"]
[Source "ChessBase"]

1. e4 c5 2. f4 e6 3. Nf3 d5 4. e5 Nc6 5. c4 Nh6 6. Nc3 Be7 7. cxd5 exd5 8. Bb5 O-O 9. Bxc6 bxc6 10. O-O c4 11. h3 Bf5 12. d4 cxd3 13. g4 Be4 14. f5 Re8 15. Re1 Bc5+ 16. Kh1 Nxf5 17. gxf5 Bxf5 18. Kg2 Re6 19. Kh2 Rg6 20. Na4 Bf2 21. Bf4 Bxh3 22. Qxd3 Bg4 0-1

[Event "OHRA"]
[Site "Amsterdam"]
[Date "1983.??.??"]
[Round "?"]
[White "Sax, Gyula"]
[Black "Van der Wiel, John TH"]
[Result "1/2-1/2"]
[WhiteElo "2570"]
[BlackElo "2515"]
[PlyCount "46"]
[EventDate "1983.07.??"]
[Source "ChessBase"]

1. e4 c5 2. f4 e6 3. Nf3 d5 4. exd5 exd5 5. Bb5+ Bd7 6. Bxd7+ Nxd7 7. O-O Bd6 8. d4 Ne7 9. Nc3 O-O 10. Kh1 Nf6 11. Be3 Rc8 12. Bg1 c4 13. Ne5 Bb4 14. Ne2 Ne4 15. f5 f6 16. Ng4 Qd7 17. c3 Bd6 18. Ne3 g6 19. Qc2 gxf5 20. g3 Kh8 21. Ng2 f4 22. Nexf4 Bxf4 23. Nxf4 Rce8 1/2-1/2

[Event "4th IECC"]
[Site "Istanbul"]
[Date "2003.06.02"]
[Round "4"]
[White "Sulskis, Sarunas"]
[Black "Grigoriants, Sergey"]
[Result "1-0"]
[WhiteElo "2578"]
[BlackElo "2506"]
[PlyCount "57"]
[EventDate "2003.05.30"]
[Source "Roberto Alvarez"]
[SourceDate "2003.06.23"]

1. e4 c5 2. f4 d5 3. exd5 Qxd5 4. Nc3 Qd6 5. Nf3 Nf6 6. d4 a6 7. dxc5 Qxc5 8. Qe2 g6 9. Be3 Qa5 10. O-O-O Bg7 11. Ne5 Nbd7 12. Bd4 O-O 13. Nxd7 Bxd7 14. Bxf6 Bxf6 15. Rxd7 Rfd8 16. Rxd8+ Rxd8 17. Qe1 Rc8 18. Bd3 Rxc3 19. bxc3 Bxc3 20. Qxe7 Qxa2 21. Qxb7 Qa1+ 22. Qb1 Qa5 23. Rf1 Bd4 24. Qb3 Kg7 25. f5 gxf5 26. c3 Bxc3 27. Rxf5 Qa1+ 28. Kc2 Bf6 29. Rxf6 1-0

[Event "Linares NL"]
[Site "Linares ESP"]
[Date "1994.??.??"]
[Round "5"]
[White "Sagalchik, Gennadij"]
[Black "Zapata, Alonso"]
[Result "1-0"]
[WhiteElo "2545"]
[BlackElo "2535"]
[PlyCount "115"]
[EventDate "1994.09.??"]
[Source "www.chesslib.no"]
[SourceDate "2004.05.04"]

1. e4 c5 2. d3 Nc6 3. f4 d5 4. Be2 dxe4 5. dxe4 Qxd1+ 6. Bxd1 b6 7. Nf3 Bb7 8. c3 Nf6 9. Nbd2 g6 10. O-O Bh6 11. Ne1 O-O 12. g4 Bg7 13. g5 Ne8 14. Ng2 Nd6 15. Bc2 f6 16. Nf3 Rad8 17. Re1 Na5 18. Ngh4 e6 19. e5 fxe5 20. Nxe5 Bxe5 21. Rxe5 Ndc4 22. Rxe6 Nxb2 23. f5 gxf5 24. Bxb2 Rd2 25. Rc1 Be4 26. c4 Rxc2 27. Rxc2 Bxc2 28. g6 hxg6 29. Nxg6 Rf7 30. Re8+ Kh7 31. Nf4 Kh6 32. h4 Nxc4 33. Bc1 Kh7 34. Ne6 Kg6 35. Nf4+ Kh7 36. h5 Rg7+ 37. Kf2 Be4 38. h6 Rg8 39. Re6 Rg4 40. Nh3 Rg2+ 41. Kf1 Rg6 42. Re7+ Kh8 43. Ng5 Bd5 44. h7 a6 45. Kf2 Rg7 46. Re8+ Bg8 47. hxg8=Q+ Rxg8 48. Re1 Kg7 49. Kf3 Rh8 50. Kf4 Rh2 51. Kxf5 Rxa2 52. Bf4 Rf2 53. Re7+ Kf8 54. Ra7 Nd6+ 55. Kg6 Nb5 56. Nh7+ Ke8 57. Nf6+ Kd8 58. Ra8+ 1-0

[Event "Bern Open"]
[Site "Bern SUI"]
[Date "1994.??.??"]
[Round "9"]
[White "Wahls, Matthias"]
[Black "Lerner, Konstantin Z"]
[Result "1/2-1/2"]
[WhiteElo "2520"]
[BlackElo "2555"]
[PlyCount "49"]
[EventDate "1994.02.??"]
[Source "www.chesslib.no"]
[SourceDate "2004.05.04"]

1. e4 c5 2. f4 e6 3. Nf3 d5 4. Bb5+ Bd7 5. Bxd7+ Qxd7 6. exd5 exd5 7. Ne5 Qc7 8. Nc3 Nf6 9. Qf3 Nc6 10. Nxd5 Nxd5 11. Qxd5 Rd8 12. Qe4 Nxe5 13. fxe5 Rd4 14. Qe2 Rd5 15. Qb5+ Qd7 16. Qxd7+ Kxd7 17. O-O Ke6 18. b3 Rxe5 19. Bb2 Re2 20. Rad1 f6 21. Rf4 Kf7 22. Kf1 Re8 23. d4 Bd6 24. Rf3 Rd8 25. Rfd3 1/2-1/2

[Event "Platja d'Aro Barcino"]
[Site "Platja d'Aro"]
[Date "1994.??.??"]
[Round "?"]
[White "Dorfman, Josif D"]
[Black "Cifuentes Parada, Roberto"]
[Result "1/2-1/2"]
[WhiteElo "2570"]
[BlackElo "2500"]
[PlyCount "31"]
[EventDate "1994.10.??"]
[Source "www.chesslib.no"]
[SourceDate "2004.05.04"]

1. e4 c5 2. f4 d5 3. exd5 Nf6 4. Bb5+ Bd7 5. Bxd7+ Qxd7 6. c4 e6 7. Qe2 Bd6 8. d3 O-O 9. dxe6 fxe6 10. Nf3 Nc6 11. O-O Rae8 12. Nc3 e5 13. f5 Nd4 14. Qe1 Nxf5 15. Ng5 Bb8 16. Nge4 1/2-1/2

[Event "St Petersburg zt"]
[Site "St Petersburg"]
[Date "1993.??.??"]
[Round "3"]
[White "Sveshnikov, Evgeny"]
[Black "Aseev, Konstantin N"]
[Result "1-0"]
[WhiteElo "2555"]
[BlackElo "2515"]
[PlyCount "79"]
[EventDate "1993.01.??"]
[Source "ChessBase"]

1. e4 c5 2. f4 d5 3. exd5 Qxd5 4. Nc3 Qd8 5. Nf3 e6 6. b3 Nf6 7. Bb2 Be7 8. Ne5 Nbd7 9. Qf3 a6 10. O-O-O Rb8 11. g4 b5 12. Bg2 Bb7 13. Qe2 Nxe5 14. Bxb7 Rxb7 15. fxe5 Nd5 16. Ne4 c4 17. Rdf1 O-O 18. Kb1 cxb3 19. axb3 Qa5 20. c3 Qd8 21. h4 a5 22. g5 a4 23. Nf6+ gxf6 24. gxf6 Bxf6 25. exf6 Kh8 26. Rhg1 Rg8 27. b4 Rb8 28. Rg5 Rxg5 29. hxg5 Qg8 30. Qh5 Qg6+ 31. Qxg6 hxg6 32. Kc2 Kg8 33. Rf3 Rc8 34. Kd1 Rc4 35. Rg3 Rh4 36. Rg2 Kf8 37. Kc2 Ke8 38. Bc1 Kd7 39. d3 Rh1 40. Bd2 1-0

[Event "Biel op"]
[Site "Biel"]
[Date "1992.??.??"]
[Round "4"]
[White "Campora, Daniel Hugo"]
[Black "Ragozin, Evgeni"]
[Result "1/2-1/2"]
[WhiteElo "2565"]
[BlackElo "2505"]
[PlyCount "33"]
[EventDate "1992.07.??"]
[Source "ChessBase"]

1. e4 c5 2. f4 d5 3. exd5 Nf6 4. Bb5+ Bd7 5. Bxd7+ Qxd7 6. c4 e6 7. Qe2 Bd6 8. Nf3 Bxf4 9. O-O O-O 10. dxe6 Qxe6 11. Qxe6 fxe6 12. d4 Bxc1 13. Rxc1 Nc6 14. dxc5 Ne4 15. Nc3 Nxc5 16. Re1 Rad8 17. Re2 1/2-1/2

[Event "SUI-chT"]
[Site "?"]
[Date "1997.??.??"]
[Round "?"]
[White "Campora Daniel Hugo"]
[Black "Vogt Lothar"]
[Result "1/2-1/2"]
[WhiteElo "2555"]
[BlackElo "2515"]
[PlyCount "72"]
[EventDate "1997.??.??"]
[Source "www.chesslib.no"]
[SourceDate "2004.05.04"]

1. e4 c5 2. f4 g6 3. Nf3 Bg7 4. c3 d5 5. e5 Nc6 6. d4 cxd4 7. Nxd4 Nh6 8. Bb5 Bd7 9. O-O O-O 10. Na3 Nxd4 11. Qxd4 Bxb5 12. Nxb5 Nf5 13. Qf2 Qa5 14. a4 a6 15. Nd4 Nxd4 16. Qxd4 Rac8 17. Be3 Rc4 18. Qb6 Qxb6 19. Bxb6 f6 20. Bd4 fxe5 21. fxe5 Rxf1+ 22. Kxf1 Kf7 23. b3 Rc6 24. Re1 Ke6 25. Ke2 Rc8 26. Kd3 Rf8 27. b4 h5 28. a5 Bh6 29. h3 Bf4 30. Rf1 h4 31. b5 axb5 32. Rb1 Bxe5 33. Bxe5 Kxe5 34. Rxb5 Rf2 35. Rxb7 e6 36. Rb4 Ra2 1/2-1/2

[Event "Alekhine op"]
[Site "Moscow"]
[Date "1992.??.??"]
[Round "?"]
[White "Sveshnikov, Evgeny"]
[Black "Shneider, Aleksandr"]
[Result "1/2-1/2"]
[WhiteElo "2525"]
[BlackElo "2545"]
[PlyCount "86"]
[EventDate "1992.10.??"]
[Source "ChessBase"]

1. e4 c5 2. f4 d6 3. Nf3 Nf6 4. Bb5+ Bd7 5. Bxd7+ Qxd7 6. e5 Nd5 7. O-O Nc6 8. Nc3 Nxc3 9. bxc3 e6 10. c4 Be7 11. Bb2 d5 12. cxd5 Qxd5 13. d3 c4 14. d4 b5 15. c3 O-O 16. Qc2 g6 17. Nd2 Rac8 18. Ne4 b4 19. Rad1 a5 20. Qe2 f5 21. exf6 Bxf6 22. Nxf6+ Rxf6 23. Rf3 bxc3 24. Bxc3 Rcf8 25. Qd2 Rb8 26. Re3 Rxf4 27. Re5 Nxe5 28. Qxf4 Nd7 29. Re1 a4 30. Qc7 Rf8 31. h3 Rf7 32. Qd8+ Kg7 33. Rxe6 Nf6 34. Qc8 Qg5 35. Qxc4 Nd5 36. Bd2 Qxd2 37. Qxd5 Qc1+ 38. Kh2 Qf4+ 39. Kg1 Qc1+ 40. Kh2 Qf4+ 41. Kg1 Qc1+ 42. Kh2 Qf4+ 43. Kg1 Qc1+ 1/2-1/2

[Event "Dos Hermanas op 3rd"]
[Site "Dos Hermanas"]
[Date "2002.04.10"]
[Round "6"]
[White "Campora, Daniel Hugo"]
[Black "Suba, Mihai"]
[Result "1-0"]
[WhiteElo "2542"]
[BlackElo "2528"]
[PlyCount "75"]
[EventDate "2002.04.05"]
[Source "ChessBase"]
[SourceDate "2002.05.03"]

1. e4 c5 2. f4 a6 3. Nf3 d5 4. d3 Nf6 5. Qe2 Nc6 6. c3 Bg4 7. h3 Bxf3 8. Qxf3 Qd7 9. g4 Rd8 10. Bg2 g6 11. O-O Bg7 12. g5 dxe4 13. dxe4 Nh5 14. Be3 h6 15. h4 hxg5 16. hxg5 e5 17. f5 Nf4 18. Nd2 Qd3 19. Rad1 Ne2+ 20. Kf2 Ned4 21. Bxd4 Qxf3+ 22. Nxf3 cxd4 23. f6 Bf8 24. Kg3 Bc5 25. Bh3 dxc3 26. bxc3 Be3 27. Rxd8+ Nxd8 28. Bc8 Bf4+ 29. Kg4 Rh5 30. Rd1 Rh7 31. Rd7 Nc6 32. Rd5 Nd8 33. Nxe5 Bxe5 34. Rxe5+ Ne6 35. Bxe6 fxe6 36. Rxe6+ Kf8 37. Rb6 Rc7 38. e5 1-0

[Event "ARG-World"]
[Site "Buenos Aires"]
[Date "1994.??.??"]
[Round "10"]
[White "Campora, Daniel Hugo"]
[Black "Sunye Neto, Jaime"]
[Result "1/2-1/2"]
[WhiteElo "2535"]
[BlackElo "2530"]
[PlyCount "29"]
[EventDate "1994.04.??"]
[Source "ChessBase"]

1. e4 c5 2. f4 e6 3. d3 d5 4. Nd2 Nc6 5. g3 Bd6 6. Bg2 Nge7 7. Ngf3 O-O 8. O-O a5 9. Kh1 Bc7 10. a4 b6 11. Re1 f6 12. c3 Kh8 13. exd5 exd5 14. Nf1 d4 15. Nh4 1/2-1/2

[Event "Malmo"]
[Site "Malmo SWE"]
[Date "1987.??.??"]
[Round "?"]
[White "Hebden, Mark L"]
[Black "Hansen, Curt"]
[Result "1-0"]
[WhiteElo "2515"]
[BlackElo "2550"]
[PlyCount "51"]
[EventDate "1987.12.??"]
[Source "www.chesslib.no"]
[SourceDate "2004.05.04"]

1. e4 c5 2. f4 d5 3. Nc3 dxe4 4. Nxe4 e6 5. Nf3 Nc6 6. g3 f5 7. Nf2 Bd6 8. b3 Nh6 9. Bb2 O-O 10. Bg2 Nf7 11. Nd3 b6 12. Ng5 Qd7 13. h4 Ba6 14. Qh5 Nh6 15. c4 b5 16. O-O Rfe8 17. Rfe1 bxc4 18. Nxe6 Rxe6 19. Bd5 Nd8 20. Rxe6 Nxe6 21. Re1 Re8 22. Qxe8+ Qxe8 23. Rxe6 Qf8 24. Rxd6+ Nf7 25. Rxa6 cxd3 26. Rxa7 1-0

[Event "Ch X"]
[Site "Ch Russia, X, Elista"]
[Date "1996.??.??"]
[Round "6"]
[White "Vorotnikov, Vladislav V"]
[Black "Sakaev, Konstantin"]
[Result "1/2-1/2"]
[WhiteElo "2505"]
[BlackElo "2560"]
[PlyCount "22"]
[EventDate "1996.??.??"]
[Source "www.chesslib.no"]
[SourceDate "2004.05.04"]

1. e4 c5 2. f4 Nf6 3. d3 e6 4. Nh3 Nc6 5. Nd2 Bd6 6. Ng5 O-O 7. Ke2 Qb6 8. f5 exf5 9. Kf3 h6 10. e5 Qa6 11. b3 f4 1/2-1/2

[Event "Bundesliga 9798"]
[Site "Germany"]
[Date "1998.??.??"]
[Round "?.2"]
[White "Kindermann, Stefan"]
[Black "Kuczynski, Robert"]
[Result "1/2-1/2"]
[WhiteElo "2570"]
[BlackElo "2495"]
[PlyCount "28"]
[EventDate "1997.10.??"]
[Source "ChessBase"]
[SourceDate "1999.07.01"]

1. e4 c5 2. f4 Nc6 3. Nf3 g6 4. Bb5 Bg7 5. O-O d6 6. Bxc6+ bxc6 7. c4 Nh6 8. d3 O-O 9. Nc3 Rb8 10. Qe1 f5 11. b3 Nf7 12. Bb2 e5 13. Ne2 fxe4 14. dxe4 Bg4 1/2-1/2

[Event "Ostrava"]
[Site "Ostrava"]
[Date "1994.??.??"]
[Round "10"]
[White "Conquest, Stuart"]
[Black "Novikov, Igor A"]
[Result "1/2-1/2"]
[WhiteElo "2495"]
[BlackElo "2565"]
[PlyCount "48"]
[EventDate "1994.06.??"]
[Source "ChessBase"]

1. e4 c5 2. f4 e6 3. Nf3 d5 4. Nc3 dxe4 5. Nxe4 Nc6 6. g3 Nh6 7. Bg2 Be7 8. O-O Nf5 9. b3 h5 10. Bb2 Bd7 11. Qe1 Nb4 12. Qc1 f6 13. a3 Nc6 14. Qe1 Qb6 15. Qf2 Ncd4 16. b4 Rc8 17. Nxd4 cxd4 18. Rad1 Kf7 19. Bh3 Bc6 20. Rfe1 Rcd8 21. Bf1 Bb5 22. Bg2 Bc6 23. Bf1 Bb5 24. Bg2 Bc6 1/2-1/2

[Event "Bank Pocztowy SA Open"]
[Site "?"]
[Date "1999.07.16"]
[Round "5"]
[White "Sulskis Sarunas"]
[Black "Malakhatko Vadim"]
[Result "1/2-1/2"]
[WhiteElo "2521"]
[BlackElo "2537"]
[PlyCount "56"]
[EventDate "1999.??.??"]
[Source "www.chesslib.no"]
[SourceDate "2004.05.04"]

1. e4 c5 2. f4 d5 3. Nc3 dxe4 4. Nxe4 e6 5. Nf3 Nc6 6. Bb5 Bd7 7. O-O Be7 8. d3 Nf6 9. Be3 b6 10. Ne5 Nxe5 11. fxe5 Nxe4 12. Bxd7+ Qxd7 13. Qf3 O-O 14. Qxe4 Qd5 15. c4 Qxe4 16. dxe4 Rfd8 17. Kf2 Kf8 18. Ke2 Rd7 19. Rfd1 Rxd1 20. Rxd1 Ke8 21. a4 Rb8 22. Bd2 Bd8 23. Bc3 h5 24. h3 Bc7 25. g4 hxg4 26. hxg4 Ke7 27. Rh1 a6 28. Kd3 Bd8 1/2-1/2

[Event "10. Open"]
[Site "?"]
[Date "1999.07.03"]
[Round "9"]
[White "Sveshnikov Evgeny"]
[Black "Fercec Nenad"]
[Result "1-0"]
[WhiteElo "2563"]
[BlackElo "2495"]
[PlyCount "77"]
[EventDate "1999.??.??"]
[Source "www.chesslib.no"]
[SourceDate "2004.05.04"]

1. e4 c5 2. f4 Nc6 3. Nf3 g6 4. c3 d5 5. e5 Bg4 6. h3 Bxf3 7. Qxf3 e6 8. g3 f6 9. Bb5 Qd7 10. O-O a6 11. Bxc6 Qxc6 12. d4 cxd4 13. cxd4 Qb6 14. Nc3 Ne7 15. Be3 Nf5 16. exf6 Bb4 17. g4 Bxc3 18. bxc3 Nd6 19. f5 gxf5 20. gxf5 Nxf5 21. Qh5+ Kd8 22. Rxf5 exf5 23. Qxf5 Qd6 24. Bg5 h6 25. Bh4 Kc7 26. f7 Kb6 27. Re1 Ka7 28. Re6 Qc7 29. Be7 Qg3+ 30. Kf1 Rac8 31. Bc5+ Rxc5 32. dxc5 Qxc3 33. Re8 Qc1+ 34. Kg2 Qd2+ 35. Qf2 Qg5+ 36. Kh2 Qg7 37. c6+ b6 38. Re7+ Ka8 39. Qxb6 1-0

[Event "Podolsk"]
[Site "Podolsk"]
[Date "1992.??.??"]
[Round "?"]
[White "Sveshnikov, Evgeny"]
[Black "Kiselev, Sergey"]
[Result "1/2-1/2"]
[WhiteElo "2525"]
[BlackElo "2530"]
[PlyCount "177"]
[EventDate "1992.12.??"]
[Source "ChessBase"]

1. e4 c5 2. f4 Nc6 3. Nf3 d5 4. exd5 Qxd5 5. Nc3 Qd8 6. Bb5 Bd7 7. O-O e6 8. b3 Be7 9. Bb2 Nf6 10. d3 O-O 11. Ne4 Nd4 12. Bxd7 Qxd7 13. c4 Rad8 14. Bxd4 cxd4 15. Nxf6+ Bxf6 16. b4 Qc7 17. Qd2 b6 18. a4 a5 19. bxa5 bxa5 20. Rab1 Be7 21. Rb5 Bb4 22. Qc1 Rfe8 23. Ng5 h6 24. Nf3 f6 25. Nd2 e5 26. fxe5 Rxe5 27. Rxe5 Qxe5 28. Re1 Qf5 29. Qc2 Qd7 30. Re2 Rb8 31. c5 Rc8 32. Qc4+ Qf7 33. Qxf7+ Kxf7 34. Nb3 Bc3 35. Re4 f5 36. Re5 Rb8 37. c6 Kf6 38. Rb5 Rc8 39. Rc5 Ke6 40. Kf2 g6 41. h4 Rc7 42. Kf3 g5 43. g3 Kf6 44. hxg5+ hxg5 45. g4 fxg4+ 46. Kxg4 Ke6 47. Kxg5 Kd6 48. Kf4 Rf7+ 49. Rf5 Re7 50. Rf6+ Kd5 51. Kg5 Rg7+ 52. Kf5 Re7 53. Kg6 Rc7 54. Rf5+ Kd6 55. Rf6+ Kd5 56. Kf5 Re7 57. Kf4 Ra7 58. Kg5 Rg7+ 59. Kh6 Ra7 60. Kg6 Re7 61. Rf7 Re8 62. c7 Kd6 63. Kf5 Re5+ 64. Kf4 Re8 65. Kf3 Re3+ 66. Kf2 Re8 67. Rg7 Be1+ 68. Kf3 Bc3 69. Nc1 Rf8+ 70. Kg4 Rc8 71. Nb3 Rf8 72. Rf7 Rg8+ 73. Kf3 Rc8 74. Nc1 Bb2 75. Ne2 Rxc7 76. Rxc7 Kxc7 77. Ke4 Kc6 78. Nxd4+ Kc5 79. Nc2 Bg7 80. Kf5 Kd5 81. Kg6 Bc3 82. Kf7 Kc5 83. Ke6 Bg7 84. Kd7 Bc3 85. Kc7 Bg7 86. Kb7 Bh8 87. Ka6 Bc3 88. d4+ Bxd4 89. Nxd4 1/2-1/2

[Event "Cleveland"]
[Site "Cleveland, OH USA"]
[Date "1975.??.??"]
[Round "?"]
[White "Torre, Eugenio"]
[Black "Gheorghiu, Florin"]
[Result "0-1"]
[WhiteElo "2515"]
[BlackElo "2540"]
[PlyCount "120"]
[EventDate "1975.??.??"]
[Source "www.chesslib.no"]
[SourceDate "2004.05.04"]

1. e4 c5 2. f4 g6 3. Nf3 Bg7 4. Be2 Nc6 5. O-O d6 6. d3 Nf6 7. c4 Bg4 8. Nc3 O-O 9. Qe1 Nd7 10. Ng5 Bxe2 11. Nxe2 e6 12. Qg3 Qe7 13. f5 exf5 14. Nf4 Nd4 15. Nd5 Qd8 16. Kh1 h6 17. Nf3 Nxf3 18. Qxf3 fxe4 19. dxe4 Ne5 20. Qe2 Kh7 21. Be3 Qd7 22. Rf4 Rae8 23. Raf1 Re6 24. b3 Qd8 25. Bc1 Kg8 26. R4f2 Nc6 27. Qd3 Nb4 28. Nxb4 cxb4 29. Bd2 a5 30. Qd5 Qh4 31. Rf4 Qg5 32. Qxb7 Re7 33. Qb6 Qe5 34. R4f3 Qc5 35. Qxc5 dxc5 36. Be3 Rc8 37. Bg1 Rcc7 38. Rf4 Be5 39. R4f3 Red7 40. Re1 Rd2 41. Rf2 Rd3 42. Rff1 Rd2 43. Rf2 Rcd7 44. g3 Rxf2 45. Bxf2 Rd2 46. Bxc5 Rxa2 47. Re3 Rb2 48. Rd3 a4 49. bxa4 b3 50. Rd5 Bc3 51. Rd8+ Kh7 52. Rb8 Rb1+ 53. Kg2 b2 54. Ba3 Ra1 55. Bxb2 Ra2 56. Kh3 Bxb2 57. c5 Be5 58. Re8 f6 59. c6 Rc2 60. Rc8 h5 0-1

[Event "Summer Festival Open"]
[Site "?"]
[Date "2000.08.24"]
[Round "4"]
[White "Sulskis Sarunas"]
[Black "Stefansson Hannes"]
[Result "0-1"]
[WhiteElo "2497"]
[BlackElo "2557"]
[PlyCount "116"]
[EventDate "2000.??.??"]
[Source "www.chesslib.no"]
[SourceDate "2004.05.04"]

1. e4 c5 2. f4 g6 3. Nf3 Bg7 4. c3 Nf6 5. d3 O-O 6. g3 d6 7. Bg2 Nc6 8. O-O b5 9. e5 Nd5 10. d4 Qb6 11. Rf2 cxd4 12. Nxd4 e6 13. exd6 Bb7 14. Nxc6 Bxc6 15. f5 gxf5 16. Bxd5 Bxd5 17. Qh5 Bb7 18. Bh6 Qc6 19. Kf1 f6 20. Bxg7 Kxg7 21. Rf4 Rf7 22. Rh4 Kg8 23. Qe2 Rd8 24. Ke1 Rxd6 25. Nd2 Rfd7 26. Nf1 Qf3 27. a4 Qxe2+ 28. Kxe2 a6 29. axb5 axb5 30. Rb4 Rd5 31. Kf2 Kf7 32. Ra7 Bc6 33. Ra6 R7d6 34. Ra7+ Kg6 35. Rc7 Rd1 36. g4 Be4 37. gxf5+ Bxf5 38. h4 Rb1 39. h5+ Kxh5 40. Ng3+ Kg6 41. Nxf5 Kxf5 42. Rxb5+ e5 43. Ke2 Rh1 44. Rc4 Rh2+ 45. Ke3 Rhd2 46. Rf4+ Kg5 47. Rf2 R6d3+ 48. Ke4 Rxf2 49. Kxd3 Kf4 50. c4 e4+ 51. Kc3 e3 52. Rb6 f5 53. Re6 Rf1 54. c5 Kf3 55. b4 e2 56. b5 e1=Q+ 57. Rxe1 Rxe1 58. b6 Rb1 0-1

[Event "JUG-ch"]
[Site "Novi Sad"]
[Date "1995.??.??"]
[Round "?"]
[White "Barlov, Dragan"]
[Black "Ilincic, Zlatko"]
[Result "1-0"]
[WhiteElo "2485"]
[BlackElo "2565"]
[PlyCount "59"]
[EventDate "1995.02.??"]
[Source "ChessBase"]

1. e4 c5 2. f4 Nc6 3. Nf3 g6 4. Bb5 Bg7 5. Bxc6 dxc6 6. h3 Nf6 7. d3 O-O 8. Nc3 Ne8 9. O-O Nc7 10. Qe1 Nb5 11. Ne2 a5 12. f5 c4 13. Qh4 cxd3 14. cxd3 Qxd3 15. fxg6 fxg6 16. Bh6 Bf6 17. Qg3 Rd8 18. e5 Bh8 19. Nf4 Bxe5 20. Rae1 Bxf4 21. Qxf4 Qf5 22. Qh4 Qc5+ 23. Kh1 Bxh3 24. Qxh3 Rd5 25. Qe6+ Kh8 26. Ne5 Nd6 27. Qxe7 Nf5 28. Qf6+ Kg8 29. Qf7+ Kh8 30. Rxf5 1-0

[Event "Sevilla Open"]
[Site "Seville ESP"]
[Date "1994.??.??"]
[Round "9"]
[White "Campora, Daniel H"]
[Black "Cramling, Pia"]
[Result "1/2-1/2"]
[WhiteElo "2535"]
[BlackElo "2515"]
[PlyCount "111"]
[EventDate "1994.01.??"]
[Source "www.chesslib.no"]
[SourceDate "2004.05.04"]

1. e4 c5 2. f4 d5 3. exd5 Nf6 4. Bb5+ Bd7 5. Bxd7+ Qxd7 6. c4 e6 7. Qe2 Bd6 8. dxe6 fxe6 9. d3 Nc6 10. Nf3 O-O 11. O-O Rae8 12. Nbd2 e5 13. f5 Qxf5 14. Ne4 Nxe4 15. Qxe4 Qxe4 16. dxe4 Nd4 17. Bd2 Rf7 18. Rf2 Ref8 19. Raf1 h6 20. Be3 Bc7 21. Nd2 Rxf2 22. Rxf2 Rxf2 23. Kxf2 Ne6 24. Nb3 b6 25. Nc1 Kf7 26. Nd3 Nd8 27. Kf3 Ke6 28. Kg4 Nf7 29. b3 g6 30. Kf3 Bd8 31. b4 cxb4 32. Nxb4 Kd7 33. Nd3 Ke6 34. a4 Bg5 35. Bf2 Be7 36. Be3 Bg5 37. Bf2 Be7 38. h4 Nd6 39. c5 Nc4 40. cxb6 axb6 41. Ke2 Bd8 42. g4 Nd6 43. Kf3 b5 44. Nc5+ Kf7 45. axb5 Nxb5 46. h5 Bg5 47. Nd7 gxh5 48. gxh5 Ke6 49. Nc5+ Kf6 50. Nd7+ Ke6 51. Nc5+ Kf6 52. Kg4 Nd6 53. Bg3 Be3 54. Nd3 Nxe4 55. Bxe5+ Ke6 56. Kf3 1/2-1/2

[Event "Buenos Aires"]
[Site "Buenos Aires"]
[Date "1990.??.??"]
[Round "5"]
[White "Campora, Daniel Hugo"]
[Black "Milos, Gilberto"]
[Result "1/2-1/2"]
[WhiteElo "2520"]
[BlackElo "2530"]
[PlyCount "30"]
[EventDate "1990.04.??"]
[Source "ChessBase"]

1. e4 c5 2. f4 Nf6 3. d3 Nc6 4. Nf3 d6 5. g3 e5 6. Bg2 exf4 7. Bxf4 Be7 8. O-O O-O 9. Nc3 Nd4 10. h3 Be6 11. Be3 Nxf3+ 12. Qxf3 Nd7 13. Ne2 Qb6 14. b3 Qa5 15. a4 Ne5 1/2-1/2

[Event "Budapest (zt)"]
[Site "?"]
[Date "1993.??.??"]
[Round "?"]
[White "Ermenkov, E."]
[Black "Adorjan, A."]
[Result "0-1"]
[WhiteElo "2505"]
[BlackElo "2545"]
[PlyCount "110"]
[EventDate "1993.??.??"]
[Source "ChessBase"]
[SourceDate "1993.02.01"]

1. e4 c5 2. f4 d5 3. Nc3 dxe4 4. Nxe4 Qc7 5. Nf3 Nf6 6. Nxf6+ exf6 7. g3 Be7 8. Bg2 O-O 9. O-O Nc6 10. b3 Bg4 11. h3 Be6 12. d3 Rfd8 13. Be3 Rac8 14. a4 b6 15. Kh2 h6 16. Qe2 f5 17. Rae1 Bf6 18. Qf2 Re8 19. Nd2 Bc3 20. Re2 Re7 21. Nb1 Bf6 22. Ree1 Rce8 23. Bd2 Qd7 24. Na3 Nd4 25. Be3 Bd5 26. Bxd5 Qxd5 27. Nc4 Re6 28. Bxd4 Bxd4 29. Qd2 Qc6 30. h4 a6 31. Rxe6 Qxe6 32. Qg2 b5 33. axb5 axb5 34. Ne5 Bxe5 35. fxe5 Qxe5 36. Rf2 b4 37. Qf3 g6 38. Qf4 Kg7 39. Qxe5+ Rxe5 40. Kg2 g5 41. hxg5 hxg5 42. Rd2 Kg6 43. Kf3 g4+ 44. Kf4 Re1 45. Rh2 f6 46. Rf2 Rg1 47. c3 bxc3 48. Rc2 Rf1+ 49. Ke3 Rf3+ 50. Ke2 Rxg3 51. Rxc3 f4 52. Rxc5 Rg2+ 53. Kf1 Rb2 54. Rb5 f3 55. Rb8 Kg5 0-1

[Event "Coria del Rio op 8th"]
[Site "Coria del Rio"]
[Date "2002.02.22"]
[Round "9"]
[White "Campora, Daniel Hugo"]
[Black "Komljenovic, Davor"]
[Result "1-0"]
[WhiteElo "2542"]
[BlackElo "2505"]
[PlyCount "27"]
[EventDate "2002.02.13"]
[Source "ChessBase"]
[SourceDate "2002.03.14"]

1. e4 c5 2. f4 g6 3. Nf3 Bg7 4. d3 d5 5. Be2 Nc6 6. O-O e6 7. c3 Nge7 8. Qe1 b6 9. Na3 Ba6 10. d4 c4 11. Nc2 O-O 12. Qh4 h6 13. Nce1 Nf5 14. Qh3 1-0

[Event "Minsk"]
[Site "Minsk"]
[Date "1996.??.??"]
[Round "8"]
[White "Sulskis, Sarunas"]
[Black "Fedorov, Alexei"]
[Result "1/2-1/2"]
[WhiteElo "2505"]
[BlackElo "2540"]
[PlyCount "82"]
[EventDate "1996.??.??"]
[Source "ChessBase"]

1. e4 c5 2. f4 d5 3. exd5 Nf6 4. Bb5+ Bd7 5. Bxd7+ Qxd7 6. c4 e6 7. Qe2 Bd6 8. Nf3 Bxf4 9. O-O O-O 10. dxe6 fxe6 11. Nc3 Nc6 12. d3 Nd4 13. Nxd4 Qxd4+ 14. Kh1 Bxh2 15. Qxe6+ Kh8 16. Be3 Qxd3 17. Rad1 Qg6 18. Bxc5 Rfe8 19. Qf5 Qh6 20. Qh3 Qxh3 21. gxh3 Be5 22. Bd4 Kg8 23. Kg2 Kf7 24. Nb5 a6 25. Nd6+ Bxd6 26. Bxf6 Re2+ 27. Kf3 Rae8 28. Bd4 h5 29. Rf2 R2e4 30. c5 Bf4 31. Bc3 g5 32. Kg2 Kg6 33. h4 Re3 34. hxg5 Kxg5 35. Rd7 R3e7 36. Rd4 Re4 37. Rd7 R8e7 38. Rd8 Re8 39. Rd7 R8e7 40. Rd8 Re8 41. Rd7 R8e7 1/2-1/2